Hiçbir düş yarım kalmayacak (Record no. 10811)
[ view plain ]
| 000 -BAŞLIK | |
|---|---|
| Sabit Uzunlukta Kontrol Alanı | 00939na a2200289 4500 |
| 001 - KONTROL NUMARASI | |
| Denetim Alanı | 24310 |
| 003 - KONTROL NUMARASI IDENTIFIER | |
| Denetim Alanı | MIRAKIL |
| 005 - SON İŞLEM TARİHİ VE ZAMANI | |
| Denetim Alanı | 20181213155334.0 |
| 008 - SABİT-BOY VERİ ELEMANLARI - GENEL BİLGİLER | |
| Sabit Uzunlukta Kontrol Alanı | 180912b tu 000 0 |
| 020 ## - ULUSLARARASI STANDART KİTAP NUMARASI | |
| Uluslararası Standart Kitap Numarası | 9786059038874 |
| 040 ## - KATALOGLAMA KAYNAK | |
| Orijinal Kataloglama Ajansı | Milas |
| Kataloglama Dili | tur |
| Metne Dönüştürmek Ajansı | TR-AnCHP |
| 041 ## - DİL KODU | |
| Metin / Ses Parça Veya Ayrı Başlığın Dil Kodu | tur |
| 082 ## - DEWEY ONLU SINIFLANDIRMA NUMARASI | |
| Sınıflandırma Numarası | 303.625095667415 |
| Ürün Numarası | H51 2017 |
| 090 ## - SINIFLAMA NUMARASI | |
| Sınıflama Numarası | 303.625095667415 H51 2017 |
| 245 ## - BAŞLIK TABLOSU | |
| Başlık | Hiçbir düş yarım kalmayacak |
| Başlığın Kalan | Suruç katliamı dosyası |
| Sorumluluk Tablosu, Vb | hazırlayan Mehmet Lütfü Özdemir |
| 246 ## - UNVAN FORM VARYING | |
| Başlık Doğru / Kısa Başlığı | Suruç katliamı dosyası |
| 250 ## - EDITION TABLOSU | |
| Baskı Beyanı | 2. bs. |
| 260 ## - YAYIN, DAĞITIM, VB | |
| Yayın, Dağıtım, Vb Yeri | İstanbul |
| Yayıncı, Dağıtıcı, Vs Adı | Ceylan Yayınları |
| Yayın, Dağıtım, Vb Tarihi | 2017 |
| Üretici Firma | Ceylan Matbaası |
| 300 ## - FİZİKSEL TANIM | |
| Kapsam | 232 s. |
| Diğer Fiziksel Ayrıntıları | fotğ. |
| Boyutlar | 24 sm. |
| 440 ## - SERİSİ TABLOSU / KATMA GİRİŞİ - BAŞLIK | |
| Başlık | Ceylan yayınları |
| Hacim / Ardışık Tanımı | yayın numarası: 318 |
| 490 ## - SERİSİ TABLOSU | |
| Seri Beyanı | Araştırma-İnceleme |
| 650 ## - KONU KATMA GİRİŞ - TOPİKAL DÖNEM | |
| Topikal Süreli Veya Coğrafi Ad Giriş Elemanı | Terörist faaliyetler |
| 650 ## - KONU KATMA GİRİŞ - TOPİKAL DÖNEM | |
| Topikal Süreli Veya Coğrafi Ad Giriş Elemanı | Terörizm |
| Genel Alt Bölümü | Suruç, Şanlıurfa (Türkiye) |
| 700 ## - KATMA GİRİŞ - KİŞİSEL İSİM | |
| Kişisel Ad | Özdemir, Mehmet Lütfü |
| Relator Terim | haz. |
| 740 ## - KATMA GİRİŞ - KONTROLSUZ İLGİLİ / ANALİTİK BAŞLIK | |
| Kontrol Edilmeyen / İlgili Analitik Başlıktaki | Suruç katliamı dosyası |
| 942 ## - EKLENDİ GİRİŞ ELEMANLARI (KOHA) | |
| Sınıflandırma Veya Raf Düzeni Kaynak | Dewey Decimal Classification |
| Koha Öğesi Türü | Books |
| 999 ## - SİSTEM KONTROL NUMARALARI (KOHA) | |
| Koha Biblionumber | 10811 |
| Koha Biblioitemnumber | 10811 |
| Kalıcı Konum | Mevcut Konum | Edinme Tarihi | Edinim Kaynak | Toplam Check-Out'Lar | Tam Çağrı Numarası | Barkod | Tarih Son Görülme | İtibaren Geçerli Fiyatlar | Koha Öğesi Türü |
|---|---|---|---|---|---|---|---|---|---|
| CHP Kütüphanesi | CHP Kütüphanesi | 09/12/2018 | Bağış | 303.625095667415 H51 2017 | 018388 | 09/12/2018 | 09/12/2018 | Books |
